Twilight visions in Egypt's Nile Delta

محفوظ في:

المؤلف الرئيسي: Parker, Ann

التنسيق: كتاب

اللغة: Undetermined

منشور في: Cairo American University in Cairo Press, Cairo 2008

الموضوعات:

الوسوم: إضافة وسم

لا توجد وسوم, كن أول من يضع وسما على هذه التسجيلة!

رقم الطلب: (L) DT116 .P37

LEADER 00670nam a2200181Ia 4500
008 221124s9999||||xx |||||||||||||| ||und||
020 |a 223-849-457 
050 4 |a (L) DT116 .P37  
100 1 |a Parker, Ann 
245 1 0 |a Twilight visions in Egypt's Nile Delta 
264 1 |a Cairo  |b American University in Cairo Press, Cairo  |c 2008 
300 |a 102.P  |b  chiefly  |c 24 X 28 cm. 
650 4 |a Nile River Delta (Egypt) Description and travel 
650 4 |a Nile River Delta (Egypt) Pictorial works 
650 4 |a Photography, Artistic 
942 |2 lcc  |c BK 
952 |0 0  |1 0  |2 lcc  |4 0  |7 1  |9 44045  |a ARCE  |b ARCE  |d 2022-11-24  |l 0  |o (L) DT116 .P37   |r 2022-11-24 00:00:00  |w 2022-11-24  |y BK 
999 |c 50502  |d 50502